|
|
|
|
| LEADER |
00000nam0a2200000 4500 |
| 001 |
140922 |
| 005 |
20231101220901.0 |
| 010 |
|
|
|a 9785969201613
|
| 035 |
|
|
|a (RuTPU)RU\TPU\book\152697
|
| 090 |
|
|
|a 140922
|
| 100 |
|
|
|a 20080715d2008 m y0rusy50 ca
|
| 101 |
0 |
|
|a rus
|
| 102 |
|
|
|a RU
|
| 105 |
|
|
|a a j 001zy
|
| 200 |
1 |
|
|a Теория корпоративных финансов
|e учебник
|f Л. С. Тарасевич, П. И. Гребенников, А. И. Леусский
|g Санкт-Петербургский государственный университет экономики и финансов (СПбГУЭФ)
|
| 210 |
|
|
|a Москва
|c Высшее образование
|d 2008
|
| 215 |
|
|
|a 237 с.
|c ил.
|
| 225 |
1 |
|
|a Университеты России
|
| 320 |
|
|
|a Библиография в конце глав.
|
| 320 |
|
|
|a Словарь терминов: с. 233-237.
|
| 330 |
|
|
|a В книге излагается неоклассическая теория финансов фирмы, лежащая в основе моделей принятия оптимальных инвестиционно-финансовых решений. Показаны различия между оценками хозяйственной деятельности фирмы бухгалтером и финансистом. Для студентов и преподавателей экономических факультетов и вузов.
|
| 606 |
1 |
|
|a Финансы предприятий
|x Экономика
|2 stltpush
|3 (RuTPU)RU\TPU\subj\67543
|9 83300
|
| 610 |
1 |
|
|a экономика
|
| 610 |
1 |
|
|a финансы
|
| 610 |
1 |
|
|a фирмы
|
| 610 |
1 |
|
|a корпорации
|
| 610 |
1 |
|
|a корпоративные финансы
|
| 610 |
1 |
|
|a инвестиции
|
| 610 |
1 |
|
|a финансовые риски
|
| 610 |
1 |
|
|a капитальные активы
|
| 610 |
1 |
|
|a доходность
|
| 610 |
1 |
|
|a индексные модели
|
| 610 |
1 |
|
|a дюрация
|
| 610 |
1 |
|
|a деривативы
|
| 610 |
1 |
|
|a фьючерсное хеджирование
|
| 610 |
1 |
|
|a опционы
|
| 610 |
1 |
|
|a свопы
|
| 610 |
1 |
|
|a акционеры
|
| 610 |
1 |
|
|a финансовая политика
|
| 610 |
1 |
|
|a учебники
|
| 686 |
|
|
|a У9(2)261.9я73
|v LBC/SL-A
|2 rubbk
|
| 700 |
|
1 |
|a Тарасевич
|b Л. С.
|g Леонид Сергеевич
|
| 701 |
|
1 |
|a Гребенников
|b П. И.
|g Петр Ильич
|
| 701 |
|
1 |
|a Леусский
|b А. И.
|g Александр Иванович
|
| 712 |
0 |
2 |
|a Санкт-Петербургский государственный университет экономики и финансов (СПбГУЭФ)
|c (1991- )
|2 stltpush
|3 (RuTPU)RU\TPU\col\151
|
| 801 |
|
1 |
|a RU
|b 63413507
|c 20080715
|g PSBO
|
| 801 |
|
2 |
|a RU
|b 63413507
|c 20210301
|g PSBO
|
| 900 |
|
|
|a Финансы
|
| 900 |
|
|
|a Управление рисками
|
| 942 |
|
|
|c BK
|
| 959 |
|
|
|a 72/20080714
|d 2
|e 149,00
|f АНЛ:1
|f ЧЗГЛ:1
|